000
00350 a2200169 4500
001
184022
020
_a
85-322-5017-3
040
_c
Magnum
100
_a
De La Jara, Fatima
240
1
0
_a
La sorpresa
_l
ESP
245
1
0
_a
La sorpresa
300
_a
23
362
0
_a
2002
440
1
_a
FTD
697
_a
LITERATURA INFANTIL ESPANHOLA
942
_c
BK
999
_c
184022
_d
184022